El Bibliobús Pedraforca es fa amic dels gegants : dossier per a les escoles : programa de foment de la lectura al bibliobús dossier per a les escoles :
Descripción Física:
13, [16] p. ; 30 cm
MARC
| LEADER | 00000nam a2200000Ia 4500 | ||
|---|---|---|---|
| 001 | 20910 | ||
| 008 | 160829s2007 xx 000 0 cat d | ||
| 080 | |a FU-23-12 | ||
| 245 | |a El Bibliobús Pedraforca es fa amic dels gegants : |b dossier per a les escoles : |b programa de foment de la lectura al bibliobús | ||
| 260 | |a Barcelona : |b Diputació de Barcelona. Servei de Biblioteques, |c 2007 | ||
| 300 | |a 13, [16] p. ; |c 30 cm | ||
| 590 | |a A la coberta: El bibliobús es fa amic dels gegants. Primavera 2007 | ||
| 610 | 2 | 0 | |a Bibliobús Pedraforca |9 52872 |
| 650 | 0 | |a Bibliobusos |9 30563 |z Barcelona (Catalunya : Província) | |
| 650 | |a Lectura |x Animació |9 38731 | ||
| 710 | |a Barcelona (Catalunya : Província). |b Servei de Biblioteques |e entitat editora |9 4217 | ||
| 901 | |a Arxiu | ||
| 942 | |n 1 |2 udc | ||
| 952 | |0 0 |1 0 |4 0 |6 FU2312 |7 1 |9 48562 |a Arxiu |b Arxiu |d 2016-12-01 |l 0 |o FU-23-12 |p 20910 |r 2016-12-01 00:00:00 |w 2016-12-01 |y ARXIU | ||
| 999 | |c 52392 |d 52392 | ||